<?xml version="1.0" encoding="UTF-8"?><?xml-stylesheet type="text/xsl" href="static/style.xsl"?><OAI-PMH xmlns="http://www.openarchives.org/OAI/2.0/" xmlns:xsi="http://www.w3.org/2001/XMLSchema-instance" xsi:schemaLocation="http://www.openarchives.org/OAI/2.0/ http://www.openarchives.org/OAI/2.0/OAI-PMH.xsd"><responseDate>2026-04-14T02:11:25Z</responseDate><request verb="GetRecord" identifier="oai:www.recercat.cat:10256/12163" metadataPrefix="marc">https://recercat.cat/oai/request</request><GetRecord><record><header><identifier>oai:recercat.cat:10256/12163</identifier><datestamp>2024-06-14T09:43:27Z</datestamp><setSpec>com_2072_452955</setSpec><setSpec>com_2072_2054</setSpec><setSpec>col_2072_453064</setSpec></header><metadata><record xmlns="http://www.loc.gov/MARC21/slim" xmlns:dcterms="http://purl.org/dc/terms/" xmlns:xsi="http://www.w3.org/2001/XMLSchema-instance" xmlns:doc="http://www.lyncode.com/xoai" xsi:schemaLocation="http://www.loc.gov/MARC21/slim http://www.loc.gov/standards/marcxml/schema/MARC21slim.xsd">
   <leader>00925njm 22002777a 4500</leader>
   <datafield ind2=" " ind1=" " tag="042">
      <subfield code="a">dc</subfield>
   </datafield>
   <datafield ind2=" " ind1=" " tag="720">
      <subfield code="a">Corredor Plaja, Anna-Maria</subfield>
      <subfield code="e">author</subfield>
   </datafield>
   <datafield ind2=" " ind1=" " tag="260">
      <subfield code="c">2008</subfield>
   </datafield>
   <datafield ind2=" " ind1=" " tag="520">
      <subfield code="a">Dos inventaris del mas Corredor de Camargues (Pals) de principis del segle XIX, un d'una certa extensió i l ’altre molt més reduït, ofereixen un modest testimoni de les conseqüències de la Guerra del Francès a casa nostra. Efectivament, vegem com molts dels béns esmentats en el document anterior a la guerra (1802) han desaparegut en l ’altre (1810), dos anys després del començament de l ’esdeveniment. A banda del seu valor històric, com tots els inventaris, aquests documents presenten un interès lingüístic i social: un cop més, ens adonem que l'evolució de la llengua va lligada a l ’evolució de la vida</subfield>
   </datafield>
   <datafield ind1="8" ind2=" " tag="024">
      <subfield code="a">http://hdl.handle.net/10256/12163</subfield>
   </datafield>
   <datafield tag="653" ind2=" " ind1=" ">
      <subfield code="a">Inventaris -- Lexicografia</subfield>
   </datafield>
   <datafield tag="653" ind2=" " ind1=" ">
      <subfield code="a">Inventories -- Lexicography</subfield>
   </datafield>
   <datafield tag="653" ind2=" " ind1=" ">
      <subfield code="a">Guerra contra Napoleó, 1808-1814 -- Catalunya -- Pals</subfield>
   </datafield>
   <datafield tag="653" ind2=" " ind1=" ">
      <subfield code="a">Peninsular War, 1807-1814 -- Catalonia -- Pals</subfield>
   </datafield>
   <datafield ind2="0" ind1="0" tag="245">
      <subfield code="a">Dos inventaris del mas Corredor de Camargues (Pals) amb la guerra del francès pel mig</subfield>
   </datafield>
</record></metadata></record></GetRecord></OAI-PMH>